{"text_format":"3","workbook":"xlsx","n_sheets":1,"sheets":["t554"],"read":"whole","date_system":"1900"}

{"sheet":"t554","index":0,"n_rows":201,"n_cols":7,"rows_kept":201,"merged":[[0,0,0,6],[28,0,28,5],[45,0,45,5],[164,0,164,5]]}
["TABELA 554.1 - Estatísticas Agrícolas, Município de São Manuel, Estado de São Paulo, 2016/17."]
["ITEM","UNIDADE","N.DE UPAs","MÍNIMO","MÉDIO","MÁXIMO","TOTAL"]
["Distância à sede do município","km",541,{"v":1,"d":"1.0"},{"v":13.21,"d":"13.2"},{"v":43,"d":"43.0"},"-"]
["Área total","hectare",541,0.8,{"v":107.32,"d":"107.3"},{"v":4600,"d":"4,600.0"},{"v":58058.75,"d":"58,058.8"}]
["Área com cultura perene","hectare",124,0.1,{"v":16.58,"d":"16.6"},{"v":412,"d":"412.0"},{"v":2055.4,"d":"2,055.4"}]
["Área com cultura temporária","hectare",285,0.1,{"v":132.65,"d":"132.7"},{"v":4040,"d":"4,040.0"},{"v":37805.8,"d":"37,805.8"}]
["Área com pastagem","hectare",318,0.5,{"v":20.49,"d":"20.5"},440.7,{"v":6516.7,"d":"6,516.7"}]
["Área com reflorestamento","hectare",116,0.1,{"v":13.37,"d":"13.4"},{"v":212,"d":"212.0"},{"v":1551,"d":"1,551.0"}]
["Área com vegetação natural","hectare",373,0.1,{"v":16.74,"d":"16.7"},{"v":478,"d":"478.0"},{"v":6244.4,"d":"6,244.4"}]
["Área com vegetação de brejo e várzea","hectare",294,0.1,{"v":6.87,"d":"6.9"},220.1,{"v":2020.8,"d":"2,020.8"}]
["Área em descanso","hectare",19,0.4,{"v":8.13,"d":"8.1"},70.5,154.4]
["Área complementar","hectare",472,0.1,{"v":3.62,"d":"3.6"},{"v":180,"d":"180.0"},{"v":1710.25,"d":"1,710.3"}]
["Área das UPAs com (0, 1] ha","hectare",1,0.8,0.8,0.8,0.8]
["Área das UPAs com (1, 2] ha","hectare",12,1.2,{"v":1.73,"d":"1.7"},{"v":2,"d":"2.0"},20.8]
["Área das UPAs com (2, 5] ha","hectare",87,2.1,{"v":3.63,"d":"3.6"},{"v":5,"d":"5.0"},{"v":316,"d":"316.0"}]
["Área das UPAs com (5, 10] ha","hectare",67,5.1,{"v":7.27,"d":"7.3"},{"v":10,"d":"10.0"},487.3]
["Área das UPAs com (10, 20] ha","hectare",91,10.2,{"v":14.27,"d":"14.3"},{"v":20,"d":"20.0"},{"v":1298.95,"d":"1,299.0"}]
["Área das UPAs com (20, 50] ha","hectare",112,20.2,{"v":33.32,"d":"33.3"},{"v":50,"d":"50.0"},{"v":3732.3,"d":"3,732.3"}]
["Área das UPAs com (50, 100] ha","hectare",64,50.8,73.9,{"v":100,"d":"100.0"},{"v":4729.3,"d":"4,729.3"}]
["Área das UPAs com (100, 200] ha","hectare",39,{"v":106,"d":"106.0"},{"v":142.85,"d":"142.9"},197.7,{"v":5571.2,"d":"5,571.2"}]
["Área das UPAs com (200, 500] ha","hectare",42,202.2,{"v":317.52,"d":"317.5"},{"v":495,"d":"495.0"},{"v":13335.7,"d":"13,335.7"}]
["Área das UPAs com (500, 1.000] ha","hectare",17,532.4,{"v":699.88,"d":"699.9"},990.5,{"v":11898,"d":"11,898.0"}]
["Área das UPAs com (1.000, 2.000] ha","hectare",6,{"v":1061.4,"d":"1,061.4"},{"v":1257.77,"d":"1,257.8"},{"v":1395,"d":"1,395.0"},{"v":7546.6,"d":"7,546.6"}]
["Área das UPAs com (2.000, 5.000] ha","hectare",3,{"v":2209.5,"d":"2,209.5"},{"v":3040.6,"d":"3,040.6"},{"v":4600,"d":"4,600.0"},{"v":9121.8,"d":"9,121.8"}]
["Área das UPAs com (5.000, 10.000] ha","hectare","-","-","-","-","-"]
["Área das UPAs acima de 10.000 ha","hectare","-","-","-","-","-"]
["Fonte: Secretaria de Agricultura e Abastecimento, CDRS/IEA, Projeto LUPA."]
[]
["TABELA 554.2 - Explorações Animais, Município de São Manuel, Estado de São Paulo, 2016/17."]
["ITEM","UNIDADE","N.DE UPAs","MÍNIMO","MÉDIO","MÁXIMO","TOTAL"]
["Apicultura","colmeias",7,{"v":10,"d":"10.0"},{"v":85.71,"d":"85.7"},{"v":500,"d":"500.0"},{"v":600,"d":"600.0"}]
["Asininos e muares","cabecas",18,{"v":1,"d":"1.0"},{"v":2.33,"d":"2.3"},{"v":10,"d":"10.0"},{"v":42,"d":"42.0"}]
["Avicultura de corte","cabecas/ano",3,{"v":124000,"d":"124,000.0"},{"v":149333.33,"d":"149,333.3"},{"v":174000,"d":"174,000.0"},{"v":448000,"d":"448,000.0"}]
["Avicultura para ovos","cabecas",3,{"v":60000,"d":"60,000.0"},{"v":306666.67,"d":"306,666.7"},{"v":460000,"d":"460,000.0"},{"v":920000,"d":"920,000.0"}]
["Bovinocultura de corte","cabecas",35,{"v":5,"d":"5.0"},{"v":87.51,"d":"87.5"},{"v":635,"d":"635.0"},{"v":3063,"d":"3,063.0"}]
["Bovinocultura leiteira","cabecas",4,{"v":25,"d":"25.0"},{"v":101.25,"d":"101.3"},{"v":200,"d":"200.0"},{"v":405,"d":"405.0"}]
["Bovinocultura mista","cabecas",205,{"v":1,"d":"1.0"},{"v":23.91,"d":"23.9"},{"v":600,"d":"600.0"},{"v":4902,"d":"4,902.0"}]
["Caprinocultura","cabecas",2,{"v":13,"d":"13.0"},26.5,{"v":40,"d":"40.0"},{"v":53,"d":"53.0"}]
["Codornicultura","cabecas",1,{"v":47000,"d":"47,000.0"},{"v":47000,"d":"47,000.0"},{"v":47000,"d":"47,000.0"},{"v":47000,"d":"47,000.0"}]
["Equinocultura","cabecas",168,{"v":1,"d":"1.0"},{"v":3.43,"d":"3.4"},{"v":32,"d":"32.0"},{"v":576,"d":"576.0"}]
["Ovinocultura","cabecas",12,{"v":8,"d":"8.0"},{"v":170.92,"d":"170.9"},{"v":1000,"d":"1,000.0"},{"v":2051,"d":"2,051.0"}]
["Piscicultura","m2 tanques",3,{"v":1000,"d":"1,000.0"},{"v":5133.33,"d":"5,133.3"},{"v":12000,"d":"12,000.0"},{"v":15400,"d":"15,400.0"}]
["Suinocultura","cabecas",11,{"v":3,"d":"3.0"},{"v":409.36,"d":"409.4"},{"v":2400,"d":"2,400.0"},{"v":4503,"d":"4,503.0"}]
["Fonte: Secretaria de Agricultura e Abastecimento, CDRS/IEA, Projeto LUPA."]
[]
["TABELA 554.3 -  Máquinas, Implementos e Benfeitorias, Município de São Manuel, Estado de São Paulo, 2016/17."]
["ITEM","UNIDADE","N.DE UPAs","MÍNIMO","MÉDIO","MÁXIMO","TOTAL"]
["Arado comum (bacia, aiveca)","unidade",86,{"v":1,"d":"1.0"},1.1,{"v":2,"d":"2.0"},{"v":95,"d":"95.0"}]
["Arado escarificador","unidade",23,{"v":1,"d":"1.0"},{"v":1.74,"d":"1.7"},{"v":15,"d":"15.0"},{"v":40,"d":"40.0"}]
["Arado subsolador","unidade",10,{"v":1,"d":"1.0"},1.3,{"v":3,"d":"3.0"},{"v":13,"d":"13.0"}]
["Batedeira de cereais","unidade",2,{"v":1,"d":"1.0"},{"v":1,"d":"1.0"},{"v":1,"d":"1.0"},{"v":2,"d":"2.0"}]
["Camara fria","unidade",4,{"v":1,"d":"1.0"},{"v":1.75,"d":"1.8"},{"v":2,"d":"2.0"},{"v":7,"d":"7.0"}]
["Carregadeira de cana","unidade",1,{"v":10,"d":"10.0"},{"v":10,"d":"10.0"},{"v":10,"d":"10.0"},{"v":10,"d":"10.0"}]
["Carreta de trator","unidade",109,{"v":1,"d":"1.0"},1.5,{"v":10,"d":"10.0"},{"v":164,"d":"164.0"}]
["Colhedeira acoplada","unidade",9,{"v":1,"d":"1.0"},{"v":1.11,"d":"1.1"},{"v":2,"d":"2.0"},{"v":10,"d":"10.0"}]
["Colhedeira automotriz","unidade",5,{"v":1,"d":"1.0"},4.8,{"v":20,"d":"20.0"},{"v":24,"d":"24.0"}]
["Computador","unidade",21,{"v":1,"d":"1.0"},{"v":2.57,"d":"2.6"},{"v":20,"d":"20.0"},{"v":54,"d":"54.0"}]
["Conj.irrigacao autopropelido","unidade",1,{"v":2,"d":"2.0"},{"v":2,"d":"2.0"},{"v":2,"d":"2.0"},{"v":2,"d":"2.0"}]
["Conj.irrigacao convencional","unidade",6,{"v":1,"d":"1.0"},{"v":4.17,"d":"4.2"},{"v":18,"d":"18.0"},{"v":25,"d":"25.0"}]
["Conj.irrigacao/gotejamento/microaspersao","unidade",15,{"v":1,"d":"1.0"},{"v":1.13,"d":"1.1"},{"v":3,"d":"3.0"},{"v":17,"d":"17.0"}]
["Conjunto de fenacao","unidade",2,{"v":1,"d":"1.0"},{"v":1,"d":"1.0"},{"v":1,"d":"1.0"},{"v":2,"d":"2.0"}]
["Desintegrador de palha (plantio direto)","unidade",10,{"v":1,"d":"1.0"},1.4,{"v":5,"d":"5.0"},{"v":14,"d":"14.0"}]
["Desintegrador, picador, triturador","unidade",181,{"v":1,"d":"1.0"},{"v":1.07,"d":"1.1"},{"v":2,"d":"2.0"},{"v":193,"d":"193.0"}]
["Distribuidor de calcario","unidade",59,{"v":1,"d":"1.0"},{"v":1.36,"d":"1.4"},{"v":12,"d":"12.0"},{"v":80,"d":"80.0"}]
["Embarcação","unidade",1,{"v":1,"d":"1.0"},{"v":1,"d":"1.0"},{"v":1,"d":"1.0"},{"v":1,"d":"1.0"}]
["Ensiladeira","unidade",8,{"v":1,"d":"1.0"},{"v":1,"d":"1.0"},{"v":1,"d":"1.0"},{"v":8,"d":"8.0"}]
["Grade aradora (tipo romi)","unidade",47,{"v":1,"d":"1.0"},{"v":1.45,"d":"1.5"},{"v":15,"d":"15.0"},{"v":68,"d":"68.0"}]
["Grade niveladora","unidade",61,{"v":1,"d":"1.0"},{"v":1.39,"d":"1.4"},{"v":15,"d":"15.0"},{"v":85,"d":"85.0"}]
["Implementos para tracao animal","unidade",13,{"v":1,"d":"1.0"},{"v":3.08,"d":"3.1"},{"v":10,"d":"10.0"},{"v":40,"d":"40.0"}]
["Misturador de racao","unidade",5,{"v":1,"d":"1.0"},{"v":1,"d":"1.0"},{"v":1,"d":"1.0"},{"v":5,"d":"5.0"}]
["Mmicrotrator","unidade",17,{"v":1,"d":"1.0"},{"v":1.18,"d":"1.2"},{"v":4,"d":"4.0"},{"v":20,"d":"20.0"}]
["Ordenhadeira mecanica","unidade",11,{"v":1,"d":"1.0"},{"v":1.45,"d":"1.5"},{"v":6,"d":"6.0"},{"v":16,"d":"16.0"}]
["Pulverizador tratorizado","unidade",63,{"v":1,"d":"1.0"},1.9,{"v":30,"d":"30.0"},{"v":120,"d":"120.0"}]
["Resfriador de leite, tanque expansao","unidade",9,{"v":1,"d":"1.0"},{"v":1,"d":"1.0"},{"v":1,"d":"1.0"},{"v":9,"d":"9.0"}]
["Roçadeira tratorizada","unidade",2,{"v":1,"d":"1.0"},{"v":1,"d":"1.0"},{"v":1,"d":"1.0"},{"v":2,"d":"2.0"}]
["Roçadora","unidade",91,{"v":1,"d":"1.0"},{"v":1.24,"d":"1.2"},{"v":5,"d":"5.0"},{"v":113,"d":"113.0"}]
["Semeadeira/adubadeira para plantio convencional","unidade",16,{"v":1,"d":"1.0"},{"v":1.44,"d":"1.4"},{"v":8,"d":"8.0"},{"v":23,"d":"23.0"}]
["Semeadeira/plantadeira plantio direto","unidade",6,{"v":1,"d":"1.0"},{"v":1,"d":"1.0"},{"v":1,"d":"1.0"},{"v":6,"d":"6.0"}]
["Tanque rede","m3",1,{"v":2000,"d":"2,000.0"},{"v":2000,"d":"2,000.0"},{"v":2000,"d":"2,000.0"},{"v":2000,"d":"2,000.0"}]
["Terraceador","unidade",1,{"v":8,"d":"8.0"},{"v":8,"d":"8.0"},{"v":8,"d":"8.0"},{"v":8,"d":"8.0"}]
["Trator de esteiras","unidade",3,{"v":1,"d":"1.0"},{"v":4.33,"d":"4.3"},{"v":11,"d":"11.0"},{"v":13,"d":"13.0"}]
["Trator de pneus  acima de 85 cv","unidade",8,{"v":1,"d":"1.0"},16.5,{"v":120,"d":"120.0"},{"v":132,"d":"132.0"}]
["Trator de pneus até 65 cv","unidade",98,{"v":1,"d":"1.0"},{"v":1.36,"d":"1.4"},{"v":10,"d":"10.0"},{"v":133,"d":"133.0"}]
["Trator de pneus de 66 cv a 85 cv","unidade",43,{"v":1,"d":"1.0"},{"v":1.77,"d":"1.8"},{"v":5,"d":"5.0"},{"v":76,"d":"76.0"}]
["Acude/represa","unidade",149,{"v":1,"d":"1.0"},{"v":2.14,"d":"2.1"},{"v":22,"d":"22.0"},{"v":319,"d":"319.0"}]
["Almoxarifado/oficina","unidade",83,{"v":1,"d":"1.0"},{"v":1.17,"d":"1.2"},{"v":3,"d":"3.0"},{"v":97,"d":"97.0"}]
["Armazem para graos ensacados","sacas",14]
["Balanca para bovinos","unidade",11,{"v":1,"d":"1.0"},{"v":1.09,"d":"1.1"},{"v":2,"d":"2.0"},{"v":12,"d":"12.0"}]
["Balanca para veiculos","unidade",2,{"v":1,"d":"1.0"},2.5,{"v":4,"d":"4.0"},{"v":5,"d":"5.0"}]
["Barracao para bicho da seda/sirgaria","unidade",1,{"v":1,"d":"1.0"},{"v":1,"d":"1.0"},{"v":1,"d":"1.0"},{"v":1,"d":"1.0"}]
["Barracao para granja/avicultura","unidade",15,{"v":1,"d":"1.0"},4.6,{"v":32,"d":"32.0"},{"v":69,"d":"69.0"}]
["Barracao/galpao/garagem","unidade",197,{"v":1,"d":"1.0"},{"v":1.25,"d":"1.3"},{"v":16,"d":"16.0"},{"v":247,"d":"247.0"}]
["Casa de moradia habitada","unidade",316,{"v":1,"d":"1.0"},{"v":2.04,"d":"2.0"},{"v":60,"d":"60.0"},{"v":646,"d":"646.0"}]
["Casa de moradia total","unidade",346,{"v":1,"d":"1.0"},{"v":3.18,"d":"3.2"},{"v":60,"d":"60.0"},{"v":1099,"d":"1,099.0"}]
["Curral/mangueira","unidade",209,{"v":1,"d":"1.0"},{"v":1.03,"d":"1.0"},{"v":2,"d":"2.0"},{"v":215,"d":"215.0"}]
["Deposito/tulha","unidade",196,{"v":1,"d":"1.0"},{"v":1.21,"d":"1.2"},{"v":8,"d":"8.0"},{"v":237,"d":"237.0"}]
["Estabulo","unidade",69,{"v":1,"d":"1.0"},1.1,{"v":6,"d":"6.0"},{"v":76,"d":"76.0"}]
["Estacao/posto meteorologico","unidade",4,{"v":1,"d":"1.0"},{"v":1.25,"d":"1.3"},{"v":2,"d":"2.0"},{"v":5,"d":"5.0"}]
["Estufa/plasticultura","m2",10]
["Fabrica de racao","unidade",7,{"v":1,"d":"1.0"},{"v":1,"d":"1.0"},{"v":1,"d":"1.0"},{"v":7,"d":"7.0"}]
["Instalacoes para equinos","unidade",36,{"v":1,"d":"1.0"},{"v":3.11,"d":"3.1"},{"v":48,"d":"48.0"},{"v":112,"d":"112.0"}]
["Maquina de beneficio","unidade",21,{"v":1,"d":"1.0"},{"v":1,"d":"1.0"},{"v":1,"d":"1.0"},{"v":21,"d":"21.0"}]
["Packing house","unidade",4,{"v":1,"d":"1.0"},{"v":1,"d":"1.0"},{"v":1,"d":"1.0"},{"v":4,"d":"4.0"}]
["Pocilga","unidade",42,{"v":1,"d":"1.0"},{"v":1.31,"d":"1.3"},{"v":9,"d":"9.0"},{"v":55,"d":"55.0"}]
["Poco semi-artesiano","unidade",58,{"v":1,"d":"1.0"},{"v":1.07,"d":"1.1"},{"v":3,"d":"3.0"},{"v":62,"d":"62.0"}]
["Secador de graos","unidade",27,{"v":1,"d":"1.0"},{"v":1.33,"d":"1.3"},{"v":3,"d":"3.0"},{"v":36,"d":"36.0"}]
["Silo para graos","ton",3]
["Silo para silagem","ton",6]
["Terreiro","m2",161]
["Usina de acucar/destilaria","unidade",1,{"v":1,"d":"1.0"},{"v":1,"d":"1.0"},{"v":1,"d":"1.0"},{"v":1,"d":"1.0"}]
["Fonte: Secretaria de Agricultura e Abastecimento, CDRS/IEA, Projeto LUPA."]
[]
["TABELA 554.4 - Outras Estatísticas Agrícolas, Município de São Manuel, Estado de São Paulo, 2016/17."]
["ITEM","Número de UPAs",null,"Percentual"]
["Faz Parte de Associação de Produtores",102,null,{"v":18.853974121996302,"d":"18.9"}]
["Faz Parte de Cooperativa de Produtores",135,null,{"v":24.953789279112755,"d":"25.0"}]
["Faz Parte do Sindicato de Produtores",156,null,{"v":28.835489833641404,"d":"28.8"}]
["Não utiliza assistência técnica ",94,null,{"v":17.375231053604438,"d":"17.4"}]
["Utiliza somente assistência técnica governamental ",99,null,{"v":18.299445471349355,"d":"18.3"}]
["Utiliza somente assistência técnica privada ",42,null,{"v":7.763401109057301,"d":"7.8"}]
["Utiliza assistência técnica tanto governamental quanto privada",306,null,{"v":56.561922365988906,"d":"56.6"}]
["Utiliza Crédito Rural",175,null,{"v":32.34750462107208,"d":"32.3"}]
["Utiliza Seguro Rural",79,null,{"v":14.602587800369687,"d":"14.6"}]
["Utiliza Escrituração Agrícola",218,null,{"v":40.29574861367837,"d":"40.3"}]
["Acessa Internet p/ Fins na Agropecuária",191,null,{"v":35.30499075785582,"d":"35.3"}]
["Utiliza Computador nas Atividades Agropecuárias",191,null,{"v":35.30499075785582,"d":"35.3"}]
["Utiliza Energia Elétrica Para Uso na Atividade Agrícola",380,null,{"v":70.24029574861368,"d":"70.2"}]
["Utiliza Energia Alternativa",4,null,{"v":0.7393715341959334,"d":"0.7"}]
["Realiza Análise de Solo, quando necessário",344,null,{"v":63.58595194085027,"d":"63.6"}]
["Realiza Calagem",346,null,{"v":63.95563770794824,"d":"64.0"}]
["Utiliza Práticas de Conservação de Solo, quando necessário",367,null,{"v":67.83733826247689,"d":"67.8"}]
["Faz Adubação Mineral, quando necessário",428,null,{"v":79.11275415896488,"d":"79.1"}]
["Faz Adubação Orgânica, quando necessário",353,null,{"v":65.24953789279112,"d":"65.2"}]
["Faz Adubação Verde, quando necessário",71,null,{"v":13.123844731977819,"d":"13.1"}]
["Utiliza Manejo Integrado de Pragas (MIP)",9,null,{"v":1.6635859519408505,"d":"1.7"}]
["Utiliza Hidroponia",3,null,{"v":0.5545286506469501,"d":"0.6"}]
["Utiliza Cultivo em Estufa",7,null,{"v":1.2939001848428835,"d":"1.3"}]
["Utiliza Mudas Fiscalizadas",118,null,{"v":21.811460258780034,"d":"21.8"}]
["Utiliza Semente Melhorada",59,null,{"v":10.905730129390017,"d":"10.9"}]
["Faz Confinamento de Bovinos",12,null,{"v":2.2181146025878005,"d":"2.2"}]
["Utiliza Pastejo Intensivo",188,null,{"v":34.75046210720887,"d":"34.8"}]
["Faz Inseminação Artificial",14,null,{"v":2.587800369685767,"d":"2.6"}]
["Faz Mineralização do Rebanho",255,null,{"v":47.134935304990755,"d":"47.1"}]
["Faz Vermifugação do Rebanho",254,null,{"v":46.950092421441774,"d":"47.0"}]
["Possui Parceiros /Arrendatários na Exploração Animal",311,null,{"v":57.486136783733826,"d":"57.5"}]
["Existência de trabalhadores c/ deficiência na UPA","-",null,"-"]
["Esporte e lazer",1,null,{"v":0.18484288354898337,"d":"0.2"}]
["Extração mineral",1,null,{"v":0.18484288354898337,"d":"0.2"}]
["Hotel Fazenda, Pousada ou SPA",2,null,{"v":0.3696857670979667,"d":"0.4"}]
["Pesque-pague",1,null,{"v":0.18484288354898337,"d":"0.2"}]
["Restaurante ou Lanchonete",3,null,{"v":0.5545286506469501,"d":"0.6"}]
["Transformação artesanal",4,null,{"v":0.7393715341959334,"d":"0.7"}]
["Turismo rural ou ecoturismo",4,null,{"v":0.7393715341959334,"d":"0.7"}]
["Outras atividades econômicas rurais",16,null,{"v":2.9574861367837335,"d":"3.0"}]
["Agroindústria",2,null,{"v":0.3696857670979667,"d":"0.4"}]
["Proprietário sem instrução ou com instrução incompleta",3,null,{"v":0.5545286506469501,"d":"0.6"}]
["Proprietário com antigo primário completo",63,null,{"v":11.645101663585953,"d":"11.6"}]
["Proprietário com 1° grau (ou antigo ginasial) completo",81,null,{"v":14.972273567467651,"d":"15.0"}]
["Proprietário com 2° grau (ou antigo colegial) completo",133,null,{"v":24.58410351201479,"d":"24.6"}]
["Proprietário com curso superior completo ",198,null,{"v":36.5988909426987,"d":"36.6"}]
["Pessoa Jurídica",63,null,{"v":11.645101663585953,"d":"11.6"}]
["Proprietário residente na própria UPA ",100,null,{"v":18.484288354898336,"d":"18.5"}]
["Fonte: Secretaria de Agricultura e Abastecimento, CDRS/IEA, Projeto LUPA."]
[]
["TABELA 554.5 - Área Cultivada, Município de São Manuel, Estado de São Paulo, 2016/17."]
["CULTURA","N.DE UPAs","MÍNIMO","MÉDIO","MÁXIMO","TOTAL"]
["Cana-de-acucar finalidade industria",235,1.4,{"v":160.79,"d":"160.8"},{"v":4040,"d":"4,040.0"},{"v":37785,"d":"37,785.0"}]
["Braquiaria",316,0.5,{"v":20.31,"d":"20.3"},440.7,{"v":6419.1,"d":"6,419.1"}]
["Eucalipto",115,0.1,{"v":13.41,"d":"13.4"},{"v":212,"d":"212.0"},{"v":1541.8,"d":"1,541.8"}]
["Cafe",110,0.2,{"v":9.98,"d":"10.0"},{"v":196,"d":"196.0"},{"v":1097.4,"d":"1,097.4"}]
["Laranja Industria",2,{"v":280,"d":"280.0"},{"v":340,"d":"340.0"},{"v":400,"d":"400.0"},{"v":680,"d":"680.0"}]
["Laranja destino misto",1,{"v":227,"d":"227.0"},{"v":227,"d":"227.0"},{"v":227,"d":"227.0"},{"v":227,"d":"227.0"}]
["Outras olericolas",10,0.1,{"v":7.08,"d":"7.1"},{"v":65,"d":"65.0"},70.8]
["Milho-silagem",2,{"v":2,"d":"2.0"},{"v":26,"d":"26.0"},{"v":50,"d":"50.0"},{"v":52,"d":"52.0"}]
["Gramas",2,1.5,24.4,47.3,48.8]
["Lichia",6,0.7,{"v":7.53,"d":"7.5"},{"v":27,"d":"27.0"},45.2]
["Outras gramineas para pastagem",1,{"v":40,"d":"40.0"},{"v":40,"d":"40.0"},{"v":40,"d":"40.0"},{"v":40,"d":"40.0"}]
["Milho safra",12,0.1,{"v":1.61,"d":"1.6"},{"v":4,"d":"4.0"},19.3]
["Capim-napier (ou capim-elefante)",5,0.4,{"v":1.76,"d":"1.8"},{"v":5,"d":"5.0"},8.8]
["Cana-de-acucar outras finalidades",5,0.5,{"v":1.42,"d":"1.4"},4.5,7.1]
["Horta domestica",28,0.1,{"v":0.22,"d":"0.2"},0.5,6.1]
["Pinus",1,{"v":6,"d":"6.0"},{"v":6,"d":"6.0"},{"v":6,"d":"6.0"},{"v":6,"d":"6.0"}]
["Feijao",3,0.5,{"v":2,"d":"2.0"},3.5,{"v":6,"d":"6.0"}]
["Alface",5,0.1,{"v":1.06,"d":"1.1"},2.8,5.3]
["Pomar domestico",9,0.1,{"v":0.49,"d":"0.5"},{"v":1,"d":"1.0"},4.4]
["Teca",1,3.2,3.2,3.2,3.2]
["Mandioca",4,0.1,{"v":0.78,"d":"0.8"},{"v":2,"d":"2.0"},3.1]
["Viveiro de flores e ornamentais",2,0.1,0.4,0.7,0.8]
["Outros viveiros",1,0.7,0.7,0.7,0.7]
["Manga",1,0.7,0.7,0.7,0.7]
["Outras frutiferas",1,0.5,0.5,0.5,0.5]
["Floricultura para corte",1,0.1,0.1,0.1,0.1]
["Brocolos (ou brocolis)",1,0.1,0.1,0.1,0.1]
["Beterraba",1,0.1,0.1,0.1,0.1]
["Banana",1,0.1,0.1,0.1,0.1]
["Berinjela",1,0.1,0.1,0.1,0.1]
["Couve (ou couve-crespa)",1,0.1,0.1,0.1,0.1]
["Cenoura",1,0.1,0.1,0.1,0.1]
["Milho-doce(verde)",1,0.1,0.1,0.1,0.1]
["Limao",1,0.1,0.1,0.1,0.1]
["Fonte: Secretaria de Agricultura e Abastecimento, CDRS/IEA, Projeto LUPA."]